| 000 | 00586nam a2200157 i 4500 | ||
|---|---|---|---|
| 001 | 167863 | ||
| 003 | ES-MaACL | ||
| 005 | 20230906213618.0 | ||
| 008 | 051003s1897 xxu | |||||||| ||eng d | ||
| 040 |
_aCAM _bspa _cCAM |
||
| 100 | 1 |
_aWard, Lester F. _9116081 |
|
| 245 | 1 | 0 |
_aDynamic sociology or Applied Social Science _b: as based upon statical sociology and the less complex sciences / _cby Lester F. Ward. |
| 260 |
_aNew York : _bD. Appleton and Company, _c1897. |
||
| 300 |
_a2 v. (XL, 706; VI, 690 p.) ; _c21 cm. |
||
| 852 |
_aES-MaACL _jG-9603-9604 _z-- Enc. tela marrĂ³n grabada |
||
| 999 |
_c167863 _d167863 |
||